[Event "IBCA World-chT blind 9th"]
[Site "Ohrid"]
[Date "2022.06.29"]
[Round "2.3"]
[White "Ambrosino, Theo"]
[Black "Zsiltzova Lisenko, Lubov"]
[Result "0-1"]
[WhiteElo "1628"]
[BlackElo "2165"]
[PlyCount "108"]
[EventDate "2022.06.28"]
[EventType "team-swiss"]
[EventRounds "9"]
[EventCountry "MKD"]
[SourceTitle "EXT 2024"]
[Source "ChessBase"]
[SourceDate "2023.10.10"]
[SourceVersion "1"]
[SourceVersionDate "2023.10.10"]
[SourceQuality "1"]
[WhiteTeam "France"]
[BlackTeam "Ukraine"]
[WhiteTeamCountry "FRA"]
[BlackTeamCountry "UKR"]

1. c4 c5 2. Nc3 Nc6 3. g3 g6 4. Bg2 Bg7 5. e3 e5 6. Nge2 Nge7 7. 0-0 0-0 8. a3 d6 9. d3 Be6 10. Nd5 Qd7 11. Re1 Bg4 12. f3 Bh3 13. Nec3 Bxg2 14. Kxg2 f5 15. e4 Nd4 16. Nxe7+ Qxe7 17. Nd5 Qd7 18. b4 b5 19. bxc5 bxc4 20. cxd6 fxe4 21. fxe4 cxd3 22. Qxd3 Qxd6 23. Rb1 Rac8 24. Rb2 Rf3 25. Be3 Bh6 26. a4 Bxe3 27. Rxe3 Rf7 28. Ra2 Kg7 29. Rd2 Qd7 30. Nc3 Qg4 31. Nd5 h5 32. a5 h4 33. h3 Qe6 34. gxh4 Rh8 35. Rg3 Rxh4 36. Rb2 Qc6 37. a6 Qa4 38. Rb7 Qa1 39. Rxf7+ Kxf7 40. Kh2 Qe1 41. Rg2 Qxe4 42. Rf2+ Nf5 43. Qb3 Qc4 44. Qb7+ Ke6 45. Nc7+ Ke7 46. Nb5+ Kf6 47. Nc7 Qd4 48. Qc6+ Ke7 49. Qe6+ Kd8 50. Qf6+ Kc8 51. Qe6+ Qd7 52. Qg8+ Kxc7 53. Rc2+ Kd6 54. Rd2+ Rd4 0-1

[Event "IBCA World-chT blind 9th"]
[Site "Ohrid"]
[Date "2022.06.28"]
[Round "1.2"]
[White "Dima, Mihai"]
[Black "Ambrosino, Theo"]
[Result "1-0"]
[WhiteElo "1981"]
[BlackElo "1628"]
[PlyCount "87"]
[EventDate "2022.06.28"]
[EventType "team-swiss"]
[EventRounds "9"]
[EventCountry "MKD"]
[SourceTitle "EXT 2024"]
[Source "ChessBase"]
[SourceDate "2023.10.10"]
[SourceVersion "1"]
[SourceVersionDate "2023.10.10"]
[SourceQuality "1"]
[WhiteTeam "Romania"]
[BlackTeam "France"]
[WhiteTeamCountry "ROU"]
[BlackTeamCountry "FRA"]

1. e4 d5 2. exd5 Qxd5 3. Nc3 Qa5 4. d4 Nf6 5. Nf3 Bf5 6. Ne5 e6 7. Nc4 Qb4 8. a3 Qe7 9. Ne5 Nbd7 10. Bd3 Bxd3 11. Qxd3 0-0-0 12. Bf4 Nh5 13. Qf3 Nxf4 14. Qxf4 f6 15. Nxd7 Qxd7 16. 0-0-0 Qc6 17. Qe4 Qd7 18. Rhe1 Re8 19. d5 e5 20. Qc4 a6 21. Rd3 Kb8 22. Ne4 f5 23. Ng5 e4 24. Rb3 Kc8 25. Ne6 b5 26. Qc3 g6 27. Qa5 Rxe6 28. dxe6 Bh6+ 29. Kb1 Qxe6 30. Rd1 Rd8 31. Rxd8+ Kxd8 32. a4 e3 33. fxe3 Bxe3 34. axb5 axb5 35. Qxb5 Bb6 36. Rd3+ Ke7 37. Qb4+ c5 38. Qd2 Bc7 39. Qc3 Be5 40. Qxc5+ Kf6 41. Rb3 Bd6 42. Qd4+ Kg5 43. Re3 Qd7 44. Rd3 1-0

[Event "IBCA Wch Blind and Visually imp U22"]
[Site "Solec Zdroj"]
[Date "2018.08.16"]
[Round "3.7"]
[White "Ambrosino, Theo"]
[Black "Spionkowski, Fabian"]
[Result "1-0"]
[WhiteElo "1297"]
[BlackElo "1279"]
[PlyCount "47"]
[EventDate "2018.08.14"]
[EventType "swiss"]
[EventRounds "9"]
[EventCountry "POL"]
[SourceTitle "EXT 2024"]
[Source "ChessBase"]
[SourceDate "2023.10.10"]
[SourceVersion "1"]
[SourceVersionDate "2023.10.10"]
[SourceQuality "1"]

1. c4 g6 2. g3 Bg7 3. Bg2 Nf6 4. Nf3 d6 5. Nc3 0-0 6. 0-0 e5 7. d3 Nc6 8. b3 e4 9. Nd2 exd3 10. exd3 Bd7 11. Bb2 Qc8 12. Nd5 Nxd5 13. Bxg7 Kxg7 14. Bxd5 Bh3 15. Re1 Ne5 16. d4 Nd3 17. Re3 Nb4 18. Bh1 Bf5 19. Rc3 Re8 20. a3 Nd3 21. Qf3 Re1+ 22. Rxe1 Nxe1 23. Qd1 Nd3 24. Ne4 1-0